Datum a čas kvízu
38
Celkem bodů
Celkový počet nahraných bodů na tomto kvízu bez doplňovacích otázek.
1.
Pořadí na kvízu
Konečné umístění týmu na tomto kvízu.
Zaznamenané odpovědi
| # | Otázka | Odpověď | Body | Výsledky |
|---|---|---|---|---|
| 1. | Poblíž které jihočeské obce by... | Lety | 1 | |
| 2. | Minulý týden soud osvobodil čt... | v Belgii | 0 | |
| 3. | Mezinárodní filmový festival K... | Ivan Trojan | 1 | |
| 4. | Minulý týden jsme se dozvěděli... | Datart | 0 | |
| 5. | Jak se jmenuje muž, který byl... | Libor Zábranský | 1 | |
| 6. | Sugo all'amatriciana patří mez... | guanciale; pecorino | 0.5 | |
| 7. | Napište zakrytou značku zobraz... | Kikkoman | 1 | |
| 8. | Když se řekne omáčka, určitě s... | 15 | 1 | |
| 9. | Město Worcester dalo jméno jed... | C; ločidlo | 0.5 | |
| 10. | Jak se označuje tato jednoduch... | velouté | 0 |